| 000 | 00839nas a2200253 i 4500 | ||
|---|---|---|---|
| 001 | 1493 | ||
| 003 | ES-MaACL | ||
| 005 | 20250819170102.0 | ||
| 007 | t| | ||
| 008 | 950801d19451991ru | | 1 ||pa d | ||
| 022 | _a0206-1457 | ||
| 080 | _a396 | ||
| 245 | 0 | 3 |
_aLa mujer soviética _b: revista social, política y literaria / _cComité de Mujeres Soviéticas, Consejo Central de los Sindicatos de la URSS. |
| 260 |
_aMoscú : _bC.M.S., C.C.S. URSS, _c1945-1991. |
||
| 300 |
_a1 v. ; _c34 cm. |
||
| 310 | _aMensual | ||
| 362 | 0 | _aN. 1 (1945)-(1991) | |
| 546 | _aSe edita en catorce idiomas. | ||
| 650 | 1 | 7 |
_aFeminismo _2embne _912744 |
| 710 | 1 |
_aURSS. _bConsejo Central de los Sindicatos. _bComité de Mujeres Soviéticas. _97522 |
|
| 852 |
_aES-MaACL _jHEM-H-474 _xOlim: Hem-1766 |
||
| 866 | 0 | _o1987-91 | |
| 999 |
_c1493 _d1493 |
||